000 01037cam a2200313 a 4500
999 _c7988
_d7988
001 2452449
003 OSt
005 20220819121853.0
008 890608s1990 paua b 001 0 eng c
010 _a 89012511
020 _a0397508786 :
_c$49.95
040 _aDNLM/DLC
_cDLC
_dDLC
050 0 0 _aRC681
_b.G568 1990
060 _aWG 100 G618t
082 0 0 _aWG100G618t 1990.
100 0 _aGoldberger, Emanuel,
_d1913-
_916220
245 1 0 _aEssentials of clinical cardiology /
_cEmanuel Goldberger.
260 _aPhiladelphia :
_bLippincott,
_cc1990.
300 _ax, 433 p. :
_bill. ;
_c25 cm.
500 _aRev. ed. of: Textbook of clinical cardiology / [edited by] Emanuel Goldberger. 1982.
504 _aIncludes bibliographies and index.
650 0 _aHeart
_xDiseases.
_93033
650 0 _aCardiology.
_93034
650 2 _aCardiovascular Diseases.
_93035
730 0 _aTextbook of clinical cardiology.
_916221
740 0 _aClinical cardiology.
906 _a7
_bcbc
_corignew
_d1
_eocip
_f19
_gy-gencatlg
942 _2z
_cO_SHELF